000 00363cam a2200145ua 4500
041 _aeng
_h
082 _a823.301
_bHAP/MO
100 _aHapoaob, .
245 _aMountain of gems /
_cHapoaob.
_hTextual Documents
260 _aMoscow :
_bForeign Language Publishing House ,
_c1963.
300 _a333 ; .
504 _a
942 _cBK
999 _c12656
_d12656